Đặc điểm ngôn ngữ thơ Hàn Mặc Tử từ góc nhìn tín hiệu thẩm mĩ

Một số vấn đề chung; Các hình thức ngôn ngữ biểu đạt tín hiệu thẩm mĩ trong thơ Hàn Mặc Tử; Giá trị biểu đạt của các hình thức ngôn ngữ - tín hiệu thẩm mĩ trong thơ Hàn Mặc Tử...

Salvato in:
Dettagli Bibliografici
Autore principale: Lưu Văn Din
Altri autori: Trương Thị Nhàn TS. (Hướng dẫn)
Natura: Libro
Lingua:Vietnamese
Pubblicazione: Đà Nẵng Đại học Đà Nẵng 2013
Soggetti:
Tags: Aggiungi Tag
Nessun Tag, puoi essere il primo ad aggiungerne! !
Thư viện lưu trữ: Mạng thư viện Đại học Đà Nẵng
LEADER 01705nam a2200361 4500
001 000019253
003 15688
005 20140522100529.0
008 140410s2013 viesd
041 |a vie 
082 1 4 |a 895.922132  |b LƯ-D 
100 |a Lưu Văn Din 
245 |a Đặc điểm ngôn ngữ thơ Hàn Mặc Tử từ góc nhìn tín hiệu thẩm mĩ  |c Lưu Văn Din ; Trương Thị Nhàn hướng dẫn.  |k Luận văn Thạc sĩ 
260 |a Đà Nẵng  |b Đại học Đà Nẵng  |c 2013 
300 |a 118 tr., phụ lục 4 tr.  |c 29 cm.  |e Tóm tắt 
500 |a Luận văn thạc sĩ Khoa học xã hội và nhân văn. Chuyên ngành : Ngôn ngữ học. Mã số: 60.22.01. 
520 |a Một số vấn đề chung; Các hình thức ngôn ngữ biểu đạt tín hiệu thẩm mĩ trong thơ Hàn Mặc Tử; Giá trị biểu đạt của các hình thức ngôn ngữ - tín hiệu thẩm mĩ trong thơ Hàn Mặc Tử... 
600 1 4 |a Hàn Mạc Tử  |d 1912-1940 
650 0 4 |a Thơ Việt Nam  |v Luận văn tốt nghiệp  |x Ngôn ngữ 
653 |a Thơ Việt Nam 
653 |a Ngôn Ngữ học 
653 |a Hàn Mạc Tử 
700 1 |a Trương Thị Nhàn  |c TS.  |e Hướng dẫn 
OWN |a LSP 
AVA |a UDN50  |b LSP  |d 895.922132 LƯ-D  |e available  |t Error 5001 Not defined in file expand_doc_bib_avail.  |f 1  |g 0  |h N  |i 0  |k 1 
999 |a From the UDN01 
AVA |a UDN50  |b LSP  |d 895.922132 LƯ-D  |e available  |t Error 5001 Not defined in file expand_doc_bib_avail.  |f 1  |g 0  |h N  |i 0  |k 1 
TYP |a Monograph 
TYP |a Printed language 
980 |a Mạng thư viện Đại học Đà Nẵng